• 首页
  • 本馆介绍
  • 公告通知
  • 最新文献
  • 馆藏检索
  • 电子资源
  • 读者导购
  • 参考咨询
  • 我的图书馆
  • 登录
  • 详细信息显示
  • 放入我的书架
  • 预约/预借图书
  • 作者相关作品
  • 分类相关作品
  • 丛书相关作品
  • 出版社相关作品

书目信息

  • 表格格式
  • 工作单格式
  • 卡片格式
题名:
空间数据的误差处理
    
 
作者: 江聪世 , 魏克让 著
分册:  
出版信息: 北京   科学出版社  2003
页数: 238页
开本: 26cm
丛书名: 21世纪高等院校教材
单 册:
中图分类: P236
科图分类:
主题词: 摄影测量法
电子资源:
ISBN: 7-03-011587-2
000 00658nam0 2200217 450
001 0732828906
005 20070903090708.90
010    @a7-03-011587-2@d¥25.00
100    @a20070903d km y0chiy0120 ea
101 0  @achi
200 1  @a空间数据的误差处理@Akong jian shu ju de wu cha chu li@f魏克让,江聪世著@Fwei ke rang,jiang cong shi zhu
210    @a北京@c科学出版社@d2003
215    @a238页@d26cm
225 2  @a21世纪高等院校教材
410  0 @12001 @a21世纪高等院校教材
606 0  @a摄影测量法
690    @aP236@v3
701  0 @a江聪世@Ajiang cong shi@4著
701  0 @a魏克让@Awei ke rang@4著
801  0 @aCN@bPFT@c20070903
905    @a213230@dP236@eS2@f1
    
    空间数据的误差处理/魏克让,江聪世著.-北京:科学出版社,2003
    238页;26cm.-(21世纪高等院校教材)
    
    
    ISBN 7-03-011587-2:¥25.00
    
●
相关链接 在E读中查询图书 在五车中查询图书 在当当中查询图书 在豆瓣中查询图书


正题名:空间数据的误差处理     索取号:P236/S2         预约/预借

序号 登录号 条形码 馆藏地/架位号 状态 备注
1 6703250   267032506   密集书库-数信学院/ [索取号:P236/S2] 在馆    
2 6704827   267048278   密集书库-数信学院/ [索取号:P236/S2] 在馆    
3 6704828   267048287   密集书库-数信学院/ [索取号:P236/S2] 在馆    
4 6704829   267048296   密集书库-数信学院/ [索取号:P236/S2] 在馆    
5 6704830   267048303   密集书库-数信学院/ [索取号:P236/S2] 在馆    
6 6704831   267048312   密集书库-数信学院/ [索取号:P236/S2] 在馆    
7 6704832   267048321   密集书库-数信学院/ [索取号:P236/S2] 在馆    
8 6704833   267048330   密集书库-数信学院/ [索取号:P236/S2] 在馆    
9 6704834   267048349   密集书库-数信学院/ [索取号:P236/S2] 在馆    
10 6705694   267056945   密集书库-数信学院/ [索取号:P236/S2] 在馆    
11 6705695   267056954   密集书库-数信学院/ [索取号:P236/S2] 在馆    
唐山师范学院图书馆 欢迎您!
大连网信软件有限公司© 版权所有